000 00397nam a2200157Ia 4500
008 230917s9999||||xx |||||||||||||| ||und||
040 _e134761
_aMAIN
041 _aEnglish
082 _a005.133 L268D
100 _aLangsam, Yedidyah
245 0 _aData structures using C and C++
250 _a2nd ed.
260 _aNew Delhi
_bPrentice-Hall of India
_c2001
300 _a672 p.
942 _cBK
999 _c106842
_d106842